| 000 | 01150nam a2200289 i 4500 | ||
|---|---|---|---|
| 003 | EG-ScBUE | ||
| 005 | 20250521082929.0 | ||
| 008 | 250429t1963 caua f 001 0 eng d | ||
| 035 | _a(OCoLC)1219420 | ||
| 040 |
_aEG-ScBUE _beng _erda _cEG-ScBUE _dEG-ScBUE |
||
| 082 | 0 | 4 |
_a531.3 _bGOO _222 |
| 100 | 1 |
_aGoodman, Lawrence E., _eauthor. |
|
| 245 | 0 | 0 |
_aDynamics / _cby Lawrence E. Goodman, professor of mechanics, Department of Aeronautics and Engineering Mechanics, University of Minnesota and William H. Warner, associate professor, Department of Aeronautics and Engineering Mechanics, University of Minnesota. |
| 264 | 1 |
_aBelmont, California, _bWadsworth Publishing Company, Inc., _c[1963] |
|
| 264 | 4 | _cc1963 | |
| 300 |
_axiii, 619 pages : _billustrations ; _c24 cm |
||
| 336 |
_2rdacontent _atext _btxt |
||
| 337 |
_aunmediated _2rdamedia _bn |
||
| 338 |
_avolume _bnc _2rdacarrier |
||
| 500 | _aIncludes Appendices. | ||
| 500 | _aIncludes index. | ||
| 650 | 7 |
_aDynamics. _2BUEsh |
|
| 655 | _vReading book | ||
| 700 | 1 |
_aWarner, William H. _q(William Hamer), _d1929-, _eauthor. |
|
| 942 |
_cBB _2ddc |
||
| 999 |
_c1846 _d1846 |
||